Working with violent families: a guide for clinical and legal practitioners
| Authors: | ; |
|---|---|
| Format: | Print Book |
| Language: | English |
| Published: |
Newbury Park [u.a.]
Sage Publ.
1987
|
| In: | Year: 1987 |
| Online Access: |
Table of Contents Verlagsangaben (Publisher) |
| Availability in Tübingen: | Present in Tübingen. UB: KB 18 A 2971 |
| Check availability: | HBZ Gateway |
| Subito Delivery Service: | Order now. |
| Keywords: |
MARC
| LEADER | 00000cam a2200000 c 4500 | ||
|---|---|---|---|
| 001 | 022544542 | ||
| 003 | DE-627 | ||
| 005 | 20251219205705.0 | ||
| 007 | tu | ||
| 008 | 871116s1987 xxu||||| 00| ||eng c | ||
| 016 | 7 | |a B8827175 |2 UK | |
| 020 | |a 0803925867 |9 0-8039-2586-7 | ||
| 020 | |a 0803925875 |9 0-8039-2587-5 | ||
| 035 | |a (DE-627)022544542 | ||
| 035 | |a (DE-576)013383272 | ||
| 035 | |a (DE-599)GBV022544542 | ||
| 035 | |a (OCoLC)13762031 | ||
| 035 | |a (OCoLC)13762031 | ||
| 035 | |a (DE-604)8012230626 | ||
| 040 | |a DE-627 |b ger |c DE-627 |e rakwb | ||
| 041 | |a eng | ||
| 044 | |c XD-US |c XA-GB |c XB-IN | ||
| 050 | 0 | |a HQ809.3.U5 | |
| 082 | 0 | |a 306.8'7 | |
| 082 | 0 | |a 362.8/2 | |
| 084 | |a CU 7000 |2 rvk |0 (DE-625)rvk/19119: | ||
| 100 | 1 | |a Bolton, Frank G. |4 aut | |
| 245 | 1 | 0 | |a Working with violent families |b a guide for clinical and legal practitioners |c Frank G. Bolton and Susan R. Bolton |
| 264 | 1 | |a Newbury Park [u.a.] |b Sage Publ. |c 1987 | |
| 300 | |a 437 S. | ||
| 336 | |a Text |b txt |2 rdacontent | ||
| 337 | |a ohne Hilfsmittel zu benutzen |b n |2 rdamedia | ||
| 338 | |a Band |b nc |2 rdacarrier | ||
| 500 | |a Bibliography: p. 389-435 | ||
| 583 | 1 | |a Archivierung prüfen |c 20200919 |f DE-640 |z 2 |2 pdager | |
| 583 | 1 | |a Archivierung prüfen |c 20240324 |f DE-4165 |z 1 |2 pdager | |
| 650 | 0 | |a Family Violence |z United States | |
| 650 | 0 | |a Family Violence |x Law and legislation |z United States | |
| 650 | 0 | |a Family counseling |z United States | |
| 700 | 1 | |a Bolton, Susan R. |4 aut | |
| 856 | 4 | 2 | |u http://www.loc.gov/catdir/enhancements/fy0654/86013510-d.html |v 2018-04-09 |x Verlag |3 Verlagsangaben |7 1 |
| 856 | 4 | 2 | |u http://www.loc.gov/catdir/enhancements/fy0654/86013510-t.html |v 2018-04-09 |x Verlag |3 Inhaltsverzeichnis |7 1 |
| 935 | |i Blocktest | ||
| 936 | r | v | |a CU 7000 |b Psychologische Beratung (außer Berufsberatung) |k Psychologie |k Klinische Psychologie |k Psychologische Beratung (außer Berufsberatung) |0 (DE-627)1271484412 |0 (DE-625)rvk/19119: |0 (DE-576)201484412 |
| 951 | |a BO | ||
| ELC | |b 1 | ||
| LOK | |0 000 xxxxxcx a22 zn 4500 | ||
| LOK | |0 001 3276682001 | ||
| LOK | |0 003 DE-627 | ||
| LOK | |0 004 022544542 | ||
| LOK | |0 005 20151026131201 | ||
| LOK | |0 008 871116||||||||||||||||ger||||||| | ||
| LOK | |0 040 |a DE-21 |c DE-627 |d DE-21 | ||
| LOK | |0 852 |a DE-21 | ||
| LOK | |0 852 1 |c KB 18 A 2971 |9 00 | ||
| LOK | |0 935 |a krim | ||
| LOK | |0 939 |a 16-11-87 |b l01 | ||
| ORI | |a SA-MARC-krimdoka001.raw | ||
| SIG | |a UB: KB 18 A 2971 | ||
